skbl

Dr Suryya Kumar Bhuyan Library Web-OPAC
ডঃ সূৰ্য্য
কুমাৰ ভূঞা পুথিভঁৰাল ৱেব-অ'পেক

All Research Scholars are advised to clear the annual library fees to continue using Library Resources, Remote Access, Plagiarism Test and Library Clearance.

Cotton University Book Fair 2026

Ajan Fakir Aru Suriya Jikir / (Record no. 52174)

MARC details
000 -LEADER
fixed length control field 00640nam a2200241Ia 4500
001 - CONTROL NUMBER
control field 52210
005 - DATE AND TIME OF LATEST TRANSACTION
control field 20240114005255.0
007 - PHYSICAL DESCRIPTION FIXED FIELD--GENERAL INFORMATION
fixed length control field ta
008 - FIXED-LENGTH DATA ELEMENTS--GENERAL INFORMATION
fixed length control field 100428s2008 g b000 u asm u
040 ## - CATALOGING SOURCE
Original cataloging agency Cotton College,Assam
041 ## - LANGUAGE CODE
Language code of text/sound track or separate title asm
082 ## - DEWEY DECIMAL CLASSIFICATION NUMBER
Classification number 891.4108
Item number Ma 295 Aj
100 ## - MAIN ENTRY--PERSONAL NAME
Personal name Malik, Syed Abdul .
245 #0 - TITLE STATEMENT
Title Ajan Fakir Aru Suriya Jikir /
Statement of responsibility, etc. Syed Abdul Malik.
Medium Textual Documents
250 ## - EDITION STATEMENT
Edition statement 4th ed /
260 ## - PUBLICATION, DISTRIBUTION, ETC.
Place of publication, distribution, etc. Guwahati :
Name of publisher, distributor, etc. Students Stores ,
Date of publication, distribution, etc. 2008.
300 ## - PHYSICAL DESCRIPTION
Extent 85pg ;
Dimensions 29cm.
653 ## - INDEX TERM--UNCONTROLLED
Uncontrolled term Assamese literature
653 ## - INDEX TERM--UNCONTROLLED
Uncontrolled term G- Assamese
942 ## - ADDED ENTRY ELEMENTS (KOHA)
Source of classification or shelving scheme Dewey Decimal Classification
Koha item type Books
Holdings
Withdrawn status Lost status Damaged status Not for loan Collection Home library Current library Date acquired Coded location qualifier Total checkouts Total renewals Full call number Barcode Date due Date last seen Date last checked out Copy number Price effective from Koha item type
          Dr. Suryya Kumar Bhuyan Library Dr. Suryya Kumar Bhuyan Library 01/02/2012 00000 1 2 891.4108 Ma 295 Aj 1652/El 03/07/2026 26/04/2024 26/04/2024 1 01/02/2012 Books

Designed and Maintained by Team SKBL
©1901-2026

Powered by Koha